000 00356nam a2200133Ia 4500
008 150202s9999 xx 000 0 und d
020 _a586056157
050 _aFIC
_bFIC
100 _aNiesewand, Peter.
245 _aFall-back /
_cPeter Niesenwand.
260 _aNew York :
_bSharon Romance,
_c1981.
300 _a456 pages :
_c18 cm.
650 _aFiction.
999 _c282288
_d282288